000
00177 a2200097 4500
001
24890
100
_a
Searle, C.L
245
_a
260
_a
_b
_c
1959
090
_c
16838
_d
16838
942
_a
NUST-CAE
_c
M
_c
7600
999
_c
259963
_d
259963